Uniting Africa : (Record no. 17608)

MARC details
000 -LEADER
fixed length control field 01356nam a2200373 4500
001 - CONTROL NUMBER
control field 14125104
005 - DATE AND TIME OF LATEST TRANSACTION
control field 20221027155219.0
006 - FIXED-LENGTH DATA ELEMENTS--ADDITIONAL MATERIAL CHARACTERISTICS--GENERAL INFORMATION
fixed length control field 000
007 - PHYSICAL DESCRIPTION FIXED FIELD--GENERAL INFORMATION
fixed length control field 000
008 - FIXED-LENGTH DATA ELEMENTS--GENERAL INFORMATION
fixed length control field 000
010 ## - LIBRARY OF CONGRESS CONTROL NUMBER
LC control number 2005028247
015 ## - NATIONAL BIBLIOGRAPHY NUMBER
National bibliography number GBA598541
Source bnb
016 7# - NATIONAL BIBLIOGRAPHIC AGENCY CONTROL NUMBER
Record control number 013342570
Source Uk
020 ## - INTERNATIONAL STANDARD BOOK NUMBER
International Standard Book Number 0754646858 (hbk. : alk. paper)
International Standard Book Number 0754646890 (pbk. : alk. paper)
035 ## - SYSTEM CONTROL NUMBER
System control number (OCoLC)ocm61758586
040 ## - CATALOGING SOURCE
Original cataloging agency DLC
Transcribing agency DLC
Modifying agency BAKER
-- BWKUK
-- IXA
-- UKM
-- COO
-- DLC
042 ## - AUTHENTICATION CODE
Authentication code pcc
043 ## - GEOGRAPHIC AREA CODE
Geographic area code f------
050 00 - LIBRARY OF CONGRESS CALL NUMBER
Classification number UA855
Item number .F72 2006
082 00 - DEWEY DECIMAL CLASSIFICATION NUMBER
Classification number 355/.03356
Edition number 22
100 1# - MAIN ENTRY--PERSONAL NAME
Personal name Francis, David J.,
Dates associated with a name 1965-
245 10 - TITLE STATEMENT
Title Uniting Africa :
Remainder of title building regional peace and security systems /
Statement of responsibility, etc David J. Francis.
260 ## - PUBLICATION, DISTRIBUTION, ETC. (IMPRINT)
Place of publication, distribution, etc Aldershot, England ;
-- Burlington, VT :
Name of publisher, distributor, etc Ashgate,
Date of publication, distribution, etc c2006.
300 ## - PHYSICAL DESCRIPTION
Extent xvii, 278 p. :
Dimensions 24 cm.
504 ## - BIBLIOGRAPHY, ETC. NOTE
Bibliography, etc Includes bibliographical references (p. [245]-263) and index.
610 20 - SUBJECT ADDED ENTRY--CORPORATE NAME
Corporate name or jurisdiction name as entry element Organization of African Unity.
650 #0 - SUBJECT ADDED ENTRY--TOPICAL TERM
Topical term or geographic name as entry element National security
Geographic subdivision Africa.
651 #0 - SUBJECT ADDED ENTRY--GEOGRAPHIC NAME
Geographic name Africa
General subdivision Politics and government
Chronological subdivision 21st century.
856 41 - ELECTRONIC LOCATION AND ACCESS
Materials specified Table of contents only
Uniform Resource Identifier <a href="http://www.loc.gov/catdir/toc/ecip061/2005028247.html">http://www.loc.gov/catdir/toc/ecip061/2005028247.html</a>
906 ## - LOCAL DATA ELEMENT F, LDF (RLIN)
a 7
b cbc
c orignew
d 1
e ecip
f 20
g y-gencatlg
942 ## - ADDED ENTRY ELEMENTS (KOHA)
Source of classification or shelving scheme Library of Congress Classification
Item type BOOK
Holdings
Withdrawn status Lost status Source of classification or shelving scheme Damaged status Not for loan Home library Current library Shelving location Date acquired Source of acquisition Cost, normal purchase price Total Checkouts Full call number Barcode Date last seen Copy number Price effective from Koha item type
    Library of Congress Classification     UOE Main Library UOE Main Library Open shelf 27/10/2022 Donation 5849.14   UA855 .F72 2006 20159257 27/10/2022 20159257 27/10/2022 Loan - Normal on open shelf
    Library of Congress Classification     UOE Main Library UOE Main Library Open shelf 27/10/2022 Donation 5849.14   UA855 .F72 2006 20159258 27/10/2022 20159258 27/10/2022 Loan - Normal on open shelf